[Event "VI Obert Internacional Alberic"]
[Site "Alberic"]
[Date "2018.06.30"]
[Round "3.4"]
[White "Fenollar Jorda, Manuel"]
[Black "Marin Corresa, Arturo"]
[Result "1-0"]
[BlackElo "2070"]
[WhiteElo "2352"]
[LiveChessVersion "1.4.8"]

1. d4 {[%clk 0:07:05]} Nf6 {[%clk 0:07:04]} 2. Nf3 {[%clk 0:07:07]} e6
{[%clk 0:07:05]} 3. e3 {[%clk 0:07:09]} c5 {[%clk 0:06:57]} 4. Bd3
{[%clk 0:07:10]} b6 {[%clk 0:06:46]} 5. O-O {[%clk 0:07:09]} Bb7 {[%clk 0:06:47]}
6. Nbd2 {[%clk 0:07:10]} d5 {[%clk 0:06:20]} 7. Ne5 {[%clk 0:07:03]} c4
{[%clk 0:05:22]} 8. Be2 {[%clk 0:07:03]} Nc6 {[%clk 0:05:22]} 9. f4
{[%clk 0:06:36]} Qc7 {[%clk 0:05:10]} 10. c3 {[%clk 0:06:28]} Bd6
{[%clk 0:04:09]} 11. b3 {[%clk 0:06:28]} b5 {[%clk 0:04:04]} 12. a4
{[%clk 0:06:25]} a6 {[%clk 0:04:06]} 13. Ba3 {[%clk 0:06:16]} O-O
{[%clk 0:03:53]} 14. Qc2 {[%clk 0:06:00]} Rfc8 {[%clk 0:03:42]} 15. Rfb1
{[%clk 0:05:20]} b4 {[%clk 0:03:32]} 16. cxb4 {[%clk 0:05:17]} cxb3
{[%clk 0:02:41]} 17. Qxb3 {[%clk 0:04:45]} Qe7 {[%clk 0:02:06]} 18. Nd3
{[%clk 0:04:21]} Rab8 {[%clk 0:01:57]} 19. Nc5 {[%clk 0:04:20]} a5
{[%clk 0:01:44]} 20. b5 {[%clk 0:04:10]} Nb4 {[%clk 0:01:43]} 21. Bxb4
{[%clk 0:03:26]} axb4 {[%clk 0:01:46]} 22. Qxb4 {[%clk 0:03:27]} Rxc5
{[%clk 0:01:43]} 23. dxc5 {[%clk 0:03:22]} Bxc5 {[%clk 0:01:45]} 24. Qb2
{[%clk 0:02:54]} d4 {[%clk 0:01:43]} 25. exd4 {[%clk 0:02:47]} Bd6
{[%clk 0:01:30]} 26. Bf3 {[%clk 0:02:27]} Nd5 {[%clk 0:01:31]} 27. g3
{[%clk 0:02:20]} Qf6 {[%clk 0:01:31]} 28. Nc4 {[%clk 0:02:10]} Bxf4
{[%clk 0:01:23]} 29. Rf1 {[%clk 0:00:42]} Qg5 {[%clk 0:01:18]} 30. Rae1
{[%clk 0:00:25]} Bc7 {[%clk 0:01:07]} 31. Ne5 {[%clk 0:00:21]} f6
{[%clk 0:00:42]} 32. Qc1 {[%clk 0:00:23]} Bxe5 {[%clk 0:00:35]} 33. dxe5
{[%clk 0:00:21]} Qg6 {[%clk 0:00:19]} 34. exf6 {[%clk 0:00:21]} gxf6
{[%clk 0:00:11]} 35. Rxe6 {[%clk 0:00:21]} Nf4 {[%clk 0:00:07]} 36. Bxb7
{[%clk 0:00:15]} Nxe6 {[%clk 0:00:08]} 1-0

[Event "VI Obert Internacional Alberic"]
[Site "Alberic"]
[Date "2018.06.30"]
[Round "3.5"]
[White "Albert Garrote, Amadeo"]
[Black "Cebolla Moll, Ricardo"]
[Result "1-0"]
[BlackElo "1895"]
[WhiteElo "1806"]
[LiveChessVersion "1.4.8"]

1. d4 {[%clk 0:07:03]} Nf6 {[%clk 0:07:01]} 2. Bf4 {[%clk 0:07:03]} g6
{[%clk 0:07:02]} 3. e3 {[%clk 0:07:04]} Bg7 {[%clk 0:07:04]} 4. Nf3
{[%clk 0:07:05]} O-O {[%clk 0:07:05]} 5. Be2 {[%clk 0:07:06]} b6 {[%clk 0:07:04]}
6. h3 {[%clk 0:07:06]} Bb7 {[%clk 0:07:07]} 7. Nbd2 {[%clk 0:07:04]} d6
{[%clk 0:06:54]} 8. c3 {[%clk 0:07:03]} c5 {[%clk 0:06:50]} 9. O-O
{[%clk 0:07:02]} Nbd7 {[%clk 0:06:33]} 10. a4 {[%clk 0:07:02]} cxd4
{[%clk 0:06:02]} 11. exd4 {[%clk 0:06:46]} Nd5 {[%clk 0:04:47]} 12. Bh2
{[%clk 0:06:44]} N7f6 {[%clk 0:04:28]} 13. Re1 {[%clk 0:06:44]} Nc7
{[%clk 0:04:20]} 14. Qb3 {[%clk 0:06:12]} Bd5 {[%clk 0:03:19]} 15. c4
{[%clk 0:05:58]} Bb7 {[%clk 0:03:20]} 16. a5 {[%clk 0:05:50]} Ne6
{[%clk 0:02:44]} 17. a6 {[%clk 0:05:29]} Bc8 {[%clk 0:02:39]} 18. Qc2
{[%clk 0:05:10]} Nd7 {[%clk 0:02:00]} 19. Qe4 {[%clk 0:04:34]} Rb8
{[%clk 0:01:53]} 20. b4 {[%clk 0:04:30]} b5 {[%clk 0:01:42]} 21. cxb5
{[%clk 0:04:21]} Nb6 {[%clk 0:01:37]} 22. Rac1 {[%clk 0:04:17]} d5
{[%clk 0:01:31]} 23. Qe3 {[%clk 0:03:59]} Ra8 {[%clk 0:01:33]} 24. Ne5
{[%clk 0:03:32]} Bd7 {[%clk 0:00:48]} 25. f4 {[%clk 0:03:05]} Rc8
{[%clk 0:00:39]} 26. g4 {[%clk 0:02:40]} Re8 {[%clk 0:00:05]} 27. f5
{[%clk 0:02:34]} Ra8 1-0

[Event "VI Obert Internacional Alberic"]
[Site "Alberic"]
[Date "2018.06.30"]
[Round "3.6"]
[White "Galvan, Jesus"]
[Black "Torres Sanchez, Jose"]
[Result "1-0"]
[BlackElo "2357"]
[WhiteElo "2183"]
[LiveChessVersion "1.4.8"]

1. d4 {[%clk 0:07:03]} Nf6 {[%clk 0:07:04]} 2. c4 {[%clk 0:07:05]} g6
{[%clk 0:07:06]} 3. Nc3 {[%clk 0:07:03]} d5 {[%clk 0:07:07]} 4. cxd5
{[%clk 0:07:04]} Nxd5 {[%clk 0:07:08]} 5. e4 {[%clk 0:07:06]} Nxc3
{[%clk 0:07:10]} 6. bxc3 {[%clk 0:07:07]} Bg7 {[%clk 0:07:12]} 7. Bc4
{[%clk 0:07:08]} O-O {[%clk 0:07:12]} 8. Ne2 {[%clk 0:07:09]} c5 {[%clk 0:07:14]}
9. O-O {[%clk 0:07:10]} Nc6 {[%clk 0:07:16]} 10. Be3 {[%clk 0:07:12]} Qc7
{[%clk 0:07:02]} 11. Rc1 {[%clk 0:07:13]} b6 {[%clk 0:07:03]} 12. Bf4
{[%clk 0:07:00]} e5 {[%clk 0:06:49]} 13. Bg3 {[%clk 0:07:02]} Na5
{[%clk 0:06:45]} 14. Bd5 {[%clk 0:06:36]} Bb7 {[%clk 0:06:47]} 15. dxe5
{[%clk 0:06:36]} Bxe5 {[%clk 0:06:41]} 16. f4 {[%clk 0:06:24]} Bg7
{[%clk 0:06:42]} 17. c4 {[%clk 0:06:26]} Nc6 {[%clk 0:06:33]} 18. f5
{[%clk 0:06:18]} Be5 {[%clk 0:06:34]} 19. Qd2 {[%clk 0:05:56]} Bxg3
{[%clk 0:06:29]} 20. Nxg3 {[%clk 0:05:57]} Qe5 {[%clk 0:05:41]} 21. Kh1
{[%clk 0:05:57]} Kg7 {[%clk 0:05:32]} 22. f6+ {[%clk 0:05:37]} Kh8
{[%clk 0:05:34]} 23. Qh6 {[%clk 0:05:33]} Rg8 {[%clk 0:05:28]} 24. Bxf7
{[%clk 0:05:35]} Qd6 {[%clk 0:04:00]} 25. Bxg8 {[%clk 0:05:16]} Rxg8
{[%clk 0:04:02]} 26. f7 {[%clk 0:04:46]} Rf8 {[%clk 0:04:04]} 27. Nh5
{[%clk 0:04:48]} 1-0

[Event "VI Obert Internacional Alberic"]
[Site "Alberic"]
[Date "2018.06.30"]
[Round "3.7"]
[White "Sanfelix Dominguez, Juan Vicen"]
[Black "Martinez Escandell, Alfonso"]
[Result "1-0"]
[BlackElo "1900"]
[WhiteElo "1673"]
[LiveChessVersion "1.4.8"]

1. d4 {[%clk 0:07:04]} Nf6 {[%clk 0:07:05]} 2. Nf3 {[%clk 0:07:05]} g6
{[%clk 0:07:07]} 3. e3 {[%clk 0:07:07]} Bg7 {[%clk 0:07:08]} 4. Bd3
{[%clk 0:07:09]} O-O {[%clk 0:07:09]} 5. Nbd2 {[%clk 0:07:11]} b6
{[%clk 0:07:09]} 6. O-O {[%clk 0:07:12]} Bb7 {[%clk 0:07:12]} 7. Qe2
{[%clk 0:07:13]} c5 {[%clk 0:07:13]} 8. c3 {[%clk 0:07:14]} cxd4 {[%clk 0:07:04]}
9. exd4 {[%clk 0:07:16]} Nc6 {[%clk 0:07:04]} 10. Re1 {[%clk 0:07:10]} Rc8
{[%clk 0:07:05]} 11. Nf1 {[%clk 0:07:11]} e6 {[%clk 0:06:57]} 12. Bg5
{[%clk 0:07:12]} Ne7 {[%clk 0:06:57]} 13. Qd2 {[%clk 0:06:54]} Bxf3
{[%clk 0:06:54]} 14. gxf3 {[%clk 0:06:53]} d6 {[%clk 0:06:39]} 15. Bh6
{[%clk 0:06:47]} Ned5 {[%clk 0:06:27]} 16. Ng3 {[%clk 0:06:23]} Re8
{[%clk 0:05:38]} 17. Bb5 {[%clk 0:06:09]} Rf8 {[%clk 0:05:16]} 18. Ne4
{[%clk 0:04:13]} Nc7 {[%clk 0:05:00]} 19. Bd3 {[%clk 0:03:58]} Nxe4
{[%clk 0:04:26]} 20. fxe4 {[%clk 0:03:53]} Re8 {[%clk 0:03:54]} 21. Bxg7
{[%clk 0:03:52]} Kxg7 {[%clk 0:03:55]} 22. Re3 {[%clk 0:03:53]} Qg5+
{[%clk 0:03:50]} 23. Kh1 {[%clk 0:03:42]} Red8 {[%clk 0:03:03]} 24. Rg1
{[%clk 0:03:37]} Qf4 {[%clk 0:02:48]} 25. Qe2 {[%clk 0:03:33]} e5
{[%clk 0:01:46]} 26. Rg4 {[%clk 0:03:11]} Qf6 {[%clk 0:01:28]} 27. Rf3
{[%clk 0:03:11]} Qe6 {[%clk 0:01:28]} 28. d5 {[%clk 0:03:10]} Qe7
{[%clk 0:00:52]} 29. Qe3 {[%clk 0:02:54]} h5 {[%clk 0:00:37]} 30. Rg1
{[%clk 0:02:24]} Rh8 {[%clk 0:00:21]} 31. Be2 {[%clk 0:02:11]} Ne8 1-0

[Event "VI Obert Internacional Alberic"]
[Site "Alberic"]
[Date "2018.06.30"]
[Round "4.1"]
[White "Diaz Velandia, Jose Manuel"]
[Black "Plaskett, H James"]
[Result "0-1"]
[BlackElo "2455"]
[WhiteElo "2359"]
[LiveChessVersion "1.4.8"]

1. d4 {[%clk 0:07:05]} Nf6 {[%clk 0:07:05]} 2. Nf3 {[%clk 0:07:07]} b6
{[%clk 0:07:05]} 3. e3 {[%clk 0:07:09]} Bb7 {[%clk 0:07:07]} 4. Bd3
{[%clk 0:07:11]} c5 {[%clk 0:07:08]} 5. O-O {[%clk 0:07:13]} g6 {[%clk 0:07:09]}
6. c3 {[%clk 0:07:15]} Bg7 {[%clk 0:07:10]} 7. Nbd2 {[%clk 0:07:17]} d5
{[%clk 0:06:55]} 8. Ne5 {[%clk 0:07:12]} O-O {[%clk 0:06:53]} 9. f4
{[%clk 0:07:13]} Nc6 {[%clk 0:06:43]} 10. Qf3 {[%clk 0:07:08]} Rc8
{[%clk 0:06:42]} 11. Re1 {[%clk 0:06:53]} e6 {[%clk 0:06:39]} 12. Nf1
{[%clk 0:06:45]} Qd6 {[%clk 0:06:19]} 13. Ng3 {[%clk 0:06:43]} Ne7
{[%clk 0:06:08]} 14. Bd2 {[%clk 0:06:41]} Rc7 {[%clk 0:05:55]} 15. Re2
{[%clk 0:06:32]} a6 {[%clk 0:05:47]} 16. Rf1 {[%clk 0:06:19]} b5 {[%clk 0:05:38]}
17. h3 {[%clk 0:06:16]} Qb6 {[%clk 0:05:22]} 18. Rd1 {[%clk 0:06:09]} a5
{[%clk 0:05:17]} 19. Be1 {[%clk 0:06:10]} b4 {[%clk 0:05:11]} 20. Kh2
{[%clk 0:05:57]} Rb8 {[%clk 0:04:30]} 21. Rc1 {[%clk 0:05:58]} Rbc8
{[%clk 0:03:14]} 22. Kh1 {[%clk 0:05:42]} Ne8 {[%clk 0:03:15]} 23. Kh2
{[%clk 0:05:17]} Nd6 {[%clk 0:03:16]} 24. Rec2 {[%clk 0:04:23]} c4
{[%clk 0:02:57]} 25. Be2 {[%clk 0:04:21]} f6 {[%clk 0:02:46]} 26. Ng4
{[%clk 0:04:22]} Ne4 {[%clk 0:02:36]} 27. Nxe4 {[%clk 0:04:18]} dxe4
{[%clk 0:02:38]} 28. Qf1 {[%clk 0:04:20]} h5 {[%clk 0:02:21]} 29. Nf2
{[%clk 0:04:22]} Nd5 {[%clk 0:02:18]} 30. Bd2 {[%clk 0:04:24]} b3
{[%clk 0:02:18]} 31. axb3 {[%clk 0:04:17]} cxb3 {[%clk 0:02:20]} 32. c4
{[%clk 0:04:14]} bxc2 {[%clk 0:02:22]} 33. cxd5 {[%clk 0:04:16]} Bxd5
{[%clk 0:02:13]} 34. Bc3 {[%clk 0:04:18]} a4 {[%clk 0:02:09]} 35. Qe1
{[%clk 0:04:14]} Qb3 {[%clk 0:02:02]} 36. g4 {[%clk 0:03:12]} Rxc3
{[%clk 0:02:02]} 37. bxc3 {[%clk 0:03:13]} Qxc3 {[%clk 0:02:04]} 38. Qg1
{[%clk 0:02:04]} Qxe3 {[%clk 0:02:05]} 39. gxh5 {[%clk 0:02:06]} Qxf4+ 0-1

[Event "VI Obert Internacional Alberic"]
[Site "Alberic"]
[Date "2018.06.30"]
[Round "4.2"]
[White "Granero Roca, Antonio"]
[Black "Albert Garrote, Amadeo"]
[Result "1-0"]
[BlackElo "1806"]
[WhiteElo "2390"]
[LiveChessVersion "1.4.8"]

1. d4 {[%clk 0:07:03]} d6 {[%clk 0:07:03]} 2. c4 {[%clk 0:07:04]} f5
{[%clk 0:07:05]} 3. Nc3 {[%clk 0:07:04]} Nf6 {[%clk 0:07:05]} 4. g3
{[%clk 0:07:05]} g6 {[%clk 0:07:06]} 5. Bg2 {[%clk 0:07:06]} Bg7 {[%clk 0:07:08]}
6. Nf3 {[%clk 0:07:07]} O-O {[%clk 0:07:05]} 7. O-O {[%clk 0:07:08]} c6
{[%clk 0:07:07]} 8. d5 {[%clk 0:07:02]} Qc7 {[%clk 0:07:05]} 9. Nd4
{[%clk 0:06:41]} Rd8 {[%clk 0:05:34]} 10. h3 {[%clk 0:06:25]} Na6
{[%clk 0:05:15]} 11. dxc6 {[%clk 0:06:18]} Nc5 {[%clk 0:04:02]} 12. Ncb5
{[%clk 0:05:52]} Qb6 {[%clk 0:03:45]} 13. b4 {[%clk 0:05:48]} Nfe4
{[%clk 0:02:46]} 14. c7 {[%clk 0:05:25]} Rd7 {[%clk 0:02:42]} 15. a4
{[%clk 0:04:51]} Nxa4 {[%clk 0:02:16]} 16. Rxa4 {[%clk 0:04:11]} a6
{[%clk 0:02:18]} 17. Be3 {[%clk 0:03:59]} d5 {[%clk 0:01:19]} 18. c5
{[%clk 0:03:37]} Qf6 {[%clk 0:01:11]} 19. Qb3 {[%clk 0:03:09]} e5
{[%clk 0:01:08]} 20. Nf3 {[%clk 0:03:05]} Qf7 {[%clk 0:01:02]} 21. Ng5 Qe7 22.
Nxe4 {[%clk 0:02:50]} fxe4 {[%clk 0:01:05]} 23. Bxe4 {[%clk 0:02:43]} Qf7
{[%clk 0:00:59]} 24. Bg2 {[%clk 0:02:30]} e4 {[%clk 0:00:44]} 25. Nd6
{[%clk 0:02:16]} Qe6 {[%clk 0:00:34]} 26. Nxe4 {[%clk 0:02:08]} Rxc7
{[%clk 0:00:30]} 27. Ng5 {[%clk 0:02:09]} Qf6 {[%clk 0:00:14]} 28. b5
{[%clk 0:01:57]} h6 {[%clk 0:00:14]} 29. Qxd5+ {[%clk 0:01:35]} Kh8
{[%clk 0:00:13]} 30. Rf4 {[%clk 0:01:24]} Qxg5 {[%clk 0:00:11]} 31. Rf8+
{[%clk 0:01:25]} Bxf8 {[%clk 0:00:13]} 32. Bxg5 {[%clk 0:01:27]} hxg5
{[%clk 0:00:16]} 33. Qe5+ 1-0

[Event "VI Obert Internacional Alberic"]
[Site "Alberic"]
[Date "2018.06.30"]
[Round "4.3"]
[White "Galvan, Jesus"]
[Black "Fenollar Jorda, Manuel"]
[Result "0-1"]
[BlackElo "2352"]
[WhiteElo "2183"]
[LiveChessVersion "1.4.8"]

1. d4 {[%clk 0:07:04]} d5 {[%clk 0:07:05]} 2. c4 {[%clk 0:07:06]} c6
{[%clk 0:07:07]} 3. Nc3 {[%clk 0:07:07]} Nf6 {[%clk 0:07:09]} 4. Nf3
{[%clk 0:07:09]} e6 {[%clk 0:07:11]} 5. e3 {[%clk 0:07:09]} Nbd7 {[%clk 0:07:09]}
6. Qc2 {[%clk 0:07:10]} Bd6 {[%clk 0:07:05]} 7. g4 {[%clk 0:07:10]} h6
{[%clk 0:06:41]} 8. Bd2 {[%clk 0:07:06]} b6 {[%clk 0:06:39]} 9. Rg1
{[%clk 0:06:36]} Bb7 {[%clk 0:06:39]} 10. cxd5 {[%clk 0:06:33]} exd5
{[%clk 0:06:35]} 11. h4 {[%clk 0:06:21]} Qe7 {[%clk 0:06:36]} 12. Bd3
{[%clk 0:06:18]} Bb4 {[%clk 0:06:16]} 13. Nb1 {[%clk 0:04:55]} O-O-O
{[%clk 0:05:20]} 14. a3 {[%clk 0:04:50]} Bd6 {[%clk 0:05:12]} 15. Nc3
{[%clk 0:04:52]} Kb8 {[%clk 0:05:06]} 16. O-O-O {[%clk 0:04:53]} Rde8
{[%clk 0:04:51]} 17. Kb1 {[%clk 0:04:43]} Ne4 {[%clk 0:04:43]} 18. Bc1
{[%clk 0:04:38]} Ndf6 {[%clk 0:04:36]} 19. Ne1 {[%clk 0:04:25]} Nxc3+
{[%clk 0:04:34]} 20. Qxc3 {[%clk 0:04:27]} Ne4 {[%clk 0:04:34]} 21. Qc2
{[%clk 0:04:23]} Qxh4 {[%clk 0:04:28]} 22. Ng2 {[%clk 0:03:57]} Qe7
{[%clk 0:04:20]} 23. Rgf1 {[%clk 0:03:05]} h5 {[%clk 0:04:11]} 24. f3
{[%clk 0:02:48]} Ng3 {[%clk 0:04:00]} 25. Rfe1 {[%clk 0:02:16]} hxg4
{[%clk 0:03:59]} 26. e4 {[%clk 0:02:16]} gxf3 27. e5 Bc7 {[%clk 0:03:09]} 28. Ne3
{[%clk 0:02:09]} Ne2 {[%clk 0:02:30]} 29. Bxe2 {[%clk 0:01:48]} fxe2
{[%clk 0:02:07]} 30. Qxe2 {[%clk 0:01:49]} Bc8 {[%clk 0:02:00]} 31. Qf3
{[%clk 0:01:45]} Rh3 {[%clk 0:01:56]} 32. Qf1 {[%clk 0:01:45]} Reh8
{[%clk 0:01:56]} 33. Bd2 {[%clk 0:01:29]} Be6 {[%clk 0:01:51]} 34. Bb4
{[%clk 0:01:27]} Qg5 {[%clk 0:01:52]} 35. Bd2 {[%clk 0:01:05]} Kb7
{[%clk 0:01:47]} 36. Rc1 {[%clk 0:01:02]} Rh2 {[%clk 0:01:42]} 37. Rc2
{[%clk 0:00:51]} Qg6 {[%clk 0:01:42]} 38. Ka1 {[%clk 0:00:46]} R8h3
{[%clk 0:01:39]} 39. Rec1 {[%clk 0:00:45]} c5 {[%clk 0:01:31]} 40. dxc5
{[%clk 0:00:33]} Rxe3 41. c6+ Kb8 {[%clk 0:01:26]} 42. Bxe3 {[%clk 0:00:11]} Rxc2
{[%clk 0:01:27]} 43. Rd1 {[%clk 0:00:09]} Bxe5 {[%clk 0:01:12]} 44. Bd4
{[%clk 0:00:05]} Bxd4 45. Qf4+ Kc8 {[%clk 0:01:02]} 46. Qxd4 {[%clk 0:00:06]}
Rxc6 {[%clk 0:01:01]} 47. Rh1 {[%clk 0:00:08]} Qf6 {[%clk 0:00:53]} 48. Qa4
{[%clk 0:00:05]} Kb7 {[%clk 0:00:51]} 49. Rh8 {[%clk 0:00:06]} Qf1+
{[%clk 0:00:39]} 50. Ka2 {[%clk 0:00:08]} d4+ {[%clk 0:00:35]} 51. Ka1 0-1

[Event "VI Obert Internacional Alberic"]
[Site "Alberic"]
[Date "2018.06.30"]
[Round "4.4"]
[White "Kovacevic, Slobodan"]
[Black "Lluch Ventura, Enrique"]
[Result "1-0"]
[BlackElo "1722"]
[WhiteElo "2292"]
[LiveChessVersion "1.4.8"]

1. d4 {[%clk 0:07:05]} Nf6 {[%clk 0:07:03]} 2. Nf3 {[%clk 0:07:07]} e6
{[%clk 0:07:05]} 3. Bf4 {[%clk 0:07:08]} c5 {[%clk 0:07:05]} 4. e3
{[%clk 0:07:10]} d5 {[%clk 0:06:54]} 5. c3 {[%clk 0:07:11]} Nc6 {[%clk 0:06:53]}
6. Nbd2 {[%clk 0:07:13]} Bd6 {[%clk 0:06:54]} 7. Bg3 {[%clk 0:07:15]} Bxg3
{[%clk 0:06:54]} 8. hxg3 {[%clk 0:07:17]} Bd7 {[%clk 0:06:50]} 9. Bd3
{[%clk 0:07:16]} c4 {[%clk 0:06:39]} 10. Bc2 {[%clk 0:07:18]} b5 {[%clk 0:06:41]}
11. a3 {[%clk 0:07:16]} a5 {[%clk 0:06:40]} 12. e4 {[%clk 0:07:17]} dxe4
{[%clk 0:05:06]} 13. Nxe4 {[%clk 0:07:19]} Nxe4 {[%clk 0:04:24]} 14. Bxe4
{[%clk 0:07:19]} h6 {[%clk 0:03:42]} 15. Qe2 {[%clk 0:07:19]} Rc8
{[%clk 0:03:15]} 16. g4 {[%clk 0:07:12]} Ne7 {[%clk 0:02:09]} 17. g5
{[%clk 0:07:11]} Nd5 {[%clk 0:01:54]} 18. Bxd5 {[%clk 0:07:12]} Qe7
{[%clk 0:01:25]} 19. Be4 {[%clk 0:07:12]} b4 {[%clk 0:01:25]} 20. gxh6
{[%clk 0:07:07]} Rxh6 {[%clk 0:01:06]} 21. Rxh6 {[%clk 0:07:08]} gxh6
{[%clk 0:01:08]} 22. axb4 {[%clk 0:07:10]} axb4 {[%clk 0:01:07]} 23. Ra7
{[%clk 0:07:11]} bxc3 {[%clk 0:00:48]} 24. bxc3 {[%clk 0:07:12]} Qf6
{[%clk 0:00:33]} 25. Ne5 {[%clk 0:07:10]} Qg5 {[%clk 0:00:14]} 26. Qe3
{[%clk 0:07:03]} Qh5 {[%clk 0:00:08]} 27. Nxd7 {[%clk 0:06:56]} Qh1+
{[%clk 0:00:10]} 28. Ke2 {[%clk 0:06:48]} 1-0

[Event "VI Obert Internacional Alberic"]
[Site "Alberic"]
[Date "2018.06.30"]
[Round "4.5"]
[White "Martinez Tormo, Jorge"]
[Black "Sanfelix Dominguez, Juan Vicen"]
[Result "1-0"]
[BlackElo "1673"]
[WhiteElo "2154"]
[LiveChessVersion "1.4.8"]

1. e4 {[%clk 0:07:04]} e6 {[%clk 0:07:05]} 2. d4 {[%clk 0:07:05]} d5
{[%clk 0:07:07]} 3. e5 {[%clk 0:07:07]} c5 {[%clk 0:07:09]} 4. c3
{[%clk 0:07:09]} Nc6 {[%clk 0:07:11]} 5. Nf3 {[%clk 0:07:11]} Qb6
{[%clk 0:07:05]} 6. a3 {[%clk 0:07:13]} Nh6 {[%clk 0:07:07]} 7. b4
{[%clk 0:07:02]} cxd4 {[%clk 0:06:55]} 8. cxd4 {[%clk 0:07:03]} Nf5
{[%clk 0:06:55]} 9. Bb2 {[%clk 0:07:05]} Na5 {[%clk 0:06:42]} 10. Nbd2
{[%clk 0:07:03]} Bd7 {[%clk 0:05:54]} 11. Be2 {[%clk 0:06:26]} Bb5
{[%clk 0:05:28]} 12. O-O {[%clk 0:05:33]} Bxe2 {[%clk 0:05:22]} 13. Qxe2
{[%clk 0:05:34]} Be7 {[%clk 0:04:45]} 14. g4 {[%clk 0:05:25]} Nh4
{[%clk 0:04:28]} 15. Nxh4 {[%clk 0:05:26]} Bxh4 {[%clk 0:04:30]} 16. Nf3
{[%clk 0:05:27]} Nb3 {[%clk 0:04:21]} 17. Rad1 {[%clk 0:05:07]} Be7
{[%clk 0:04:06]} 18. Qc2 {[%clk 0:05:08]} Na5 {[%clk 0:03:45]} 19. bxa5
{[%clk 0:05:08]} Qxa5 {[%clk 0:03:47]} 20. Bc3 {[%clk 0:05:01]} Qxa3
{[%clk 0:03:43]} 21. Ra1 {[%clk 0:05:03]} 1-0

[Event "VI Obert Internacional Alberic"]
[Site "Alberic"]
[Date "2018.06.30"]
[Round "4.6"]
[White "Chiloeches Ramon, Jesus"]
[Black "Nicolas Zapata, Javier"]
[Result "0-1"]
[BlackElo "2142"]
[WhiteElo "1700"]
[LiveChessVersion "1.4.8"]

1. e4 {[%clk 0:07:01]} c6 {[%clk 0:07:03]} 2. d3 {[%clk 0:06:57]} d5
{[%clk 0:07:04]} 3. Nd2 {[%clk 0:06:59]} e5 {[%clk 0:07:05]} 4. g3
{[%clk 0:07:00]} Nf6 {[%clk 0:07:05]} 5. Bg2 {[%clk 0:07:01]} dxe4
{[%clk 0:06:55]} 6. Nxe4 {[%clk 0:07:01]} Nxe4 {[%clk 0:06:56]} 7. Bxe4
{[%clk 0:07:02]} Bc5 {[%clk 0:06:53]} 8. Be3 {[%clk 0:06:58]} Bxe3
{[%clk 0:06:53]} 9. fxe3 {[%clk 0:06:58]} Qb6 {[%clk 0:06:55]} 10. Qc1
{[%clk 0:06:52]} O-O {[%clk 0:06:49]} 11. b3 {[%clk 0:06:21]} f5 {[%clk 0:06:41]}
12. Bg2 {[%clk 0:06:20]} f4 {[%clk 0:06:42]} 13. exf4 {[%clk 0:05:51]} exf4
{[%clk 0:06:44]} 14. Nf3 {[%clk 0:05:39]} fxg3 {[%clk 0:06:22]} 15. hxg3
{[%clk 0:05:38]} Bg4 {[%clk 0:06:15]} 16. Rf1 {[%clk 0:05:04]} Nd7
{[%clk 0:06:06]} 17. Qd2 {[%clk 0:04:51]} Rae8+ {[%clk 0:06:07]} 18. Kd1
{[%clk 0:04:43]} Ne5 {[%clk 0:06:05]} 19. Kc1 {[%clk 0:04:07]} Nxf3
{[%clk 0:06:02]} 20. Qc3 {[%clk 0:03:51]} Qd4 {[%clk 0:04:58]} 21. Qa5
{[%clk 0:03:12]} Qxa1# {[%clk 0:04:56]} 0-1

[Event "VI Obert Internacional Alberic"]
[Site "Alberic"]
[Date "2018.06.30"]
[Round "4.7"]
[White "Paris Turegano, Javier"]
[Black "Martinez Gil, Joaquin"]
[Result "1-0"]
[BlackElo "1922"]
[WhiteElo "1905"]
[LiveChessVersion "1.4.8"]

1. Nc3 {[%clk 0:07:02]} b6 {[%clk 0:07:03]} 2. d4 {[%clk 0:07:03]} Bb7
{[%clk 0:07:05]} 3. e4 {[%clk 0:07:04]} d6 {[%clk 0:07:06]} 4. Bd3
{[%clk 0:06:38]} Nd7 {[%clk 0:07:07]} 5. Nf3 {[%clk 0:06:21]} e6 {[%clk 0:07:10]}
6. O-O {[%clk 0:06:21]} Ne7 {[%clk 0:07:12]} 7. Bg5 {[%clk 0:06:12]} h6
{[%clk 0:06:59]} 8. Bh4 {[%clk 0:06:12]} g5 {[%clk 0:06:53]} 9. Bg3
{[%clk 0:06:14]} Ng6 {[%clk 0:06:48]} 10. d5 {[%clk 0:05:53]} e5 {[%clk 0:06:38]}
11. Nd2 {[%clk 0:05:26]} Bg7 {[%clk 0:05:47]} 12. Qe2 {[%clk 0:05:02]} Nf4
{[%clk 0:05:41]} 13. Qe3 {[%clk 0:04:40]} h5 {[%clk 0:05:03]} 14. Bb5
{[%clk 0:03:58]} a6 {[%clk 0:04:46]} 15. Bc6 {[%clk 0:03:55]} Bxc6
{[%clk 0:04:36]} 16. dxc6 {[%clk 0:03:57]} Nc5 {[%clk 0:04:28]} 17. h4
{[%clk 0:03:52]} gxh4 {[%clk 0:04:03]} 18. Bxf4 {[%clk 0:03:52]} exf4
{[%clk 0:04:04]} 19. Qf3 {[%clk 0:03:31]} Qg5 {[%clk 0:03:39]} 20. Nd5
{[%clk 0:03:25]} Ne6 {[%clk 0:03:20]} 21. c3 {[%clk 0:03:18]} O-O-O
{[%clk 0:03:07]} 22. Qe2 {[%clk 0:03:12]} b5 {[%clk 0:02:37]} 23. a4
{[%clk 0:03:14]} h3 {[%clk 0:02:33]} 24. f3 {[%clk 0:03:15]} hxg2
{[%clk 0:02:32]} 25. Rf2 {[%clk 0:03:15]} Rhg8 {[%clk 0:01:46]} 26. axb5
{[%clk 0:02:59]} Be5 {[%clk 0:01:07]} 27. b6 {[%clk 0:02:59]} Nc5
{[%clk 0:00:45]} 28. Rxa6 {[%clk 0:02:47]} Kb8 {[%clk 0:00:09]} 29. bxc7+
{[%clk 0:02:45]} Kc8 {[%clk 0:00:04]} 30. Ra8# 1-0